000 01719cam a2200505 4500
999 _c23337
_d23337
001 vtls011901537
005 20221003080309.0
008 210624s2019 xo o gr 001 0 slo
020 _a9788055169897
_q(viazané)
035 _aurn:nbn:sk:snk-am00edir
035 _aurn:nbn:sk:snk-am3igtt
035 _a1362435D-0D38-4D32-B403-FEE7EDB3ECEF
040 _aSVKBB
_bslo
_cSVKBB
_dSNK
_erda
041 0 _aslo
044 _axo
_cSK
072 7 _a94(437)
_xDejiny Československa
_2konspekt
080 _a94(437)"1989"
_22011
080 _a321.7:316.42
_22011
080 _a323
_22011
080 _a(437.6)
_22011
080 _a(0:82-94)
_22011
080 _a(048.8)
_22011
100 1 _aOndruš, Vladimír,
_d1942 máj 23.-
_4aut
_93362
245 1 0 _aAtentát na nežnú revolúciu
_cVladimír Ondruš
250 _aDruhé vydanie
264 1 _aBratislava
_bIkar
_c2019
300 _a303 strán
_bfotografie
_c22 cm
336 _atext
_btxt
_2rdacontent
337 _abez média
_bn
_2rdamedia
338 _azväzok
_bnc
_2rdacarrier
500 _aObsahuje biografické údaje o autorovi na záložke prebalu publikácie
650 0 7 _aNežná revolúcia (1989 : Československo)
_2SNKPH
_93363
650 0 7 _ademokratizácia
_2SNKPH
_93364
650 0 7 _aVelvet revolution, 1989
_2SNKPHeng
_93365
650 0 7 _aDemocratization
_2SNKPHeng
_93366
650 0 7 _aspoločnosť a politika
_2SNKPH
_93367
650 0 7 _aSociety and policy
_2SNKPHeng
_93368
651 7 _aSlovensko
_2SNKPHgeo
_91613
651 7 _aSlovakia
_2SNKPHeng
_91614
655 7 _aspomienky
_2SNKPH
_93369
655 7 _amonografie
_2SNKPH
_91661
655 7 _aReminiscences
_2SNKPHeng
_92056
655 7 _aMonographs
_2SNKPHeng
_91662
958 _aNB